| 000 | 00000nam 2200000za 4500 |
| 001 | 9.806347 |
| 003 | CaOODSP |
| 005 | 20250408112445 |
| 007 | cr ||||||||||| |
| 008 | 160420s2014 onc o f000 0 ara d |
| 020 | |a978-0-660-03887-2 |
| 040 | |aCaOODSP|bfre |
| 043 | |an-cn--- |
| 086 | 1 |aHP40-38/2014Ara-PDF|zHP40-38/2014Ar-PDF |
| 245 | 00|a[Guide sur la vaccination à l'intention des parents] |h[ressource électronique]. |
| 250 | |a[Édition arabe]. |
| 260 | |aOttawa : |bAgence de santé publique du Canada, |c2014. |
| 300 | |a11 p. |
| 500 | |aPublié aussi en français. sous le titre : Guide sur la vaccination à l'intention des parents. |
| 530 | |aÉgalement publié en version imprimée. |
| 546 | |aTexte en arabe. |
| 692 | 07|2gccst|aImmunisation |
| 692 | 07|2gccst|aSanté de l'enfant |
| 710 | 2 |aAgence de santé publique du Canada. |
| 775 | 08|tGuide sur la vaccination à l'intention des parents |w(CaOODSP)9.643998 |
| 776 | 0#|tGuide sur la vaccination à l'intention des parents |w(CaOODSP)9.806351 |
| 791 | |t[A parent's guide to vaccination] |eeng|w(CaOODSP)9.806345 |
| 856 | 40|qPDF|s1,010 Ko|uhttps://publications.gc.ca/collections/collection_2016/aspc-phac/HP40-38-2014-ara.pdf |
| 986 | |a150156 |